| 000 | 00606nam a22002057a 4500 | ||
|---|---|---|---|
| 005 | 20241213152327.0 | ||
| 008 | 241213b ||||| |||| 00| 0 eng d | ||
| 040 | _cAL | ||
| 041 | _aEnglish | ||
| 082 |
_223 _a348.04 _bEASS |
||
| 100 |
_aEastern Book Company _9190843 |
||
| 245 | _aSupreme Court Cases 1992: Vol 4 | ||
| 260 |
_aLucknow _bEastern Book Company _c1992 |
||
| 300 |
_axxiv,791 _bHB _c24x16 cm. |
||
| 365 |
_a1061 _b₹959.52 _c₹ _d₹1279.36 _e25% _f28-11-2024 |
||
| 440 |
_aVolume 4 _9190810 |
||
| 650 |
_aLaw _9190811 |
||
| 650 |
_aMode of Citation (1992) 4 SCC _9190812 |
||
| 942 |
_2ddc _cBI |
||
| 999 |
_c232846 _d232846 |
||